000 00592nam a2200181 a 4500
001 000021782
005 20200930011440.0
008 100913s1971 dr a 000 0 spa d
040 _aDO-SdBNP
_bspa
_cBNPHU
082 _axxx
_bA385a
100 1 _aAlfau Cambiaso, Rafael
_925890
245 1 0 _aApuntes de patología cardiovascular /
_cRafael Alfau Cambiaso ; prólogo Héctor E. Mateo M.
260 _aSanto Domingo :
_bArte y Cine,
_c1971.
300 _a129 p. :
_bil. ;
_c23 cm.
500 _aIncluye notas al pie de páginas
700 1 _aMateo M. Héctor E.
_epról.
_918250
049 _aBNPD
999 _c21281
_d21281